000 00338 a2200109 4500
001 ART_37105
005 20260410161841.0
008 260409a
245 1 0 _aIntroducción
100 1 _aBarra, Rodolfo Carlos
773 0 _tRAP
_gInfraestructura pública y participación privada - Año 38, Nº 449 (feb. 2016)
_wREV5941
999 _c24086
_d24086